| 000 | 00420nam a22001457a 4500 | ||
|---|---|---|---|
| 003 | SGT | ||
| 082 |
_a615.53 _bU19S |
||
| 100 | _aSHARMA, SHREE RAM | ||
| 245 | _a108 UPANISAD: BRAHAVIDYAKHAND, GYANKHAND, SADHANAKHAND | ||
| 260 |
_aMATHURA _bYUG NIRMAN YOJNAA VISTAR TRUST _c2019,2022 |
||
| 300 | _a424,412,360 | ||
| 650 | _aAYURVEDA | ||
| 653 | _a108 , UPANISAD, BRAHA, VIDYA, KHAND, GYAN, SADHANA, | ||
| 942 |
_2ddc _cBK |
||
| 999 |
_c32268 _d32268 |
||